| 000 | 00733nam a2200229 i 4500 | ||
|---|---|---|---|
| 001 | 43167 | ||
| 003 | ES-MaACL | ||
| 005 | 20240421063014.0 | ||
| 007 | t| | ||
| 008 | 030317s1978 sp ||||1| spa d | ||
| 100 | 1 |
_aCelaya, Gabriel, _d1911-1991 _937346 |
|
| 245 | 1 | 0 |
_aPoesias completas _b: IV (1955-1969) / _cGabriel Celaya. |
| 250 | _a[1ª ed.]. | ||
| 260 |
_aBarcelona : _bLaia, _c1978. |
||
| 300 |
_a139 p. ; _c18 cm. |
||
| 505 | 8 | _aContiene: Las resistencias del diamante ; De claro en claro ; El corazón en su sitio. | |
| 740 | 4 | _aLas resistencias del diamante. | |
| 740 | 3 | _aDe claro en claro. | |
| 740 | 3 | _aEl corazón en su sitio. | |
| 852 |
_aES-MaACL _jA-9170 _bR.98139 |
||
| 999 |
_c43167 _d43167 |
||